Geography Quiz

Random Geography or State Quiz

US States in Central Timezone Quiz Stats

Quiz Updated Apr 2, 2015

Challenge
Share
Tweet
Embed
Score 0/20 Timer 03:00
0 Plays Today
% Correct
Kansas
94.3%
Missouri
93.7%
Illinois
92.9%
Iowa
92.1%
Arkansas
91.4%
Nebraska
91.4%
Minnesota
90.8%
Louisiana
90.2%
Oklahoma
90%
Indiana
88.1%
% Correct
Texas
87.1%
Kentucky
86.3%
Mississippi
84.9%
Wisconsin
84.2%
North Dakota
83.7%
South Dakota
83.5%
Tennessee
82.4%
Michigan
76.5%
Alabama
75.5%
Florida
32.5%

You're not logged in!

Compare scores with friends on all Sporcle quizzes.
Join for Free
OR
Log In

You Might Also Like...

Show Comments

Extras

Top Quizzes Today


Score Distribution

Your Account Isn't Verified!

In order to create a playlist on Sporcle, you need to verify the email address you used during registration. Go to your Sporcle Settings to finish the process.

Report this User

Report this user for behavior that violates our Community Guidelines.

Details: